00483 a2200169 4500010001400000020002300014035001300037037001800050082001000068100002200078245005100100250001300151260003600164270005000200300002900250500003400279 aENG-85375 a81825670896c46.00 aEN-68908 bD.B.Act / Pub14a239.11 aKapur, Daryai Lal1 aCall of the great mastercby Daryai Lal Kapur a11 th ed aBeasbRadha Swami Satsangc2006 aDera Baba Jaimal SinghbBeas (Pubaj)e143 204 axliv, 254 p.c21 cm (Hb) aincludes glossary and index